भूत पुराण / (Record no. 116786)

MARC details
000 -LEADER
fixed length control field 01067nam a22002537a 4500
005 - DATE AND TIME OF LATEST TRANSACTION
control field 20170124103044.0
010 ## - LIBRARY OF CONGRESS CONTROL NUMBER
LC control number A-960271
020 ## - INTERNATIONAL STANDARD BOOK NUMBER
Terms of availability 150.00
035 ## - SYSTEM CONTROL NUMBER
System control number A-960271
037 ## - SOURCE OF ACQUISITION
Source of stock number/acquisition Cen Lib/Ret
040 ## - CATALOGING SOURCE
Original cataloging agency DPL
Language of cataloging HN
082 ## - DEWEY DECIMAL CLASSIFICATION NUMBER
Classification number
Item number वन्द्योप
100 ## - MAIN ENTRY--PERSONAL NAME
Personal name वन्द्योपधयाया , ताराशंकर
9 (RLIN) 68300
245 ## - TITLE STATEMENT
Title भूत पुराण /
Statement of responsibility, etc ताराशंकर वन्धोपध्य्याय
246 ## - VARYING FORM OF TITLE
Title proper/short title Bhoot puraan
Remainder of title byTarashankar Vandyopadhyaya
260 ## - PUBLICATION, DISTRIBUTION, ETC. (IMPRINT)
Place of publication, distribution, etc दिल्ली
Name of publisher, distributor, etc संस्कृति साहित्य
Date of publication, distribution, etc 1997
270 ## - ADDRESS
Address 30/21-22ए -गली न. 9 विश्वास नगर शाहदरा
City दिल्ली
Postal code 110032
300 ## - PHYSICAL DESCRIPTION
Extent 515पृष्ठ.
Dimensions 20सेमी(सजिल्द)
650 ## - SUBJECT ADDED ENTRY--TOPICAL TERM
Topical term or geographic name as entry element हिंदी साहित्य
9 (RLIN) 68301
650 ## - SUBJECT ADDED ENTRY--TOPICAL TERM
Topical term or geographic name as entry element हिंदी कहानी
9 (RLIN) 68302
650 ## - SUBJECT ADDED ENTRY--TOPICAL TERM
Topical term or geographic name as entry element Hindi literature
9 (RLIN) 68303
650 ## - SUBJECT ADDED ENTRY--TOPICAL TERM
Topical term or geographic name as entry element Hindi Story
9 (RLIN) 43117
942 ## - ADDED ENTRY ELEMENTS (KOHA)
Source of classification or shelving scheme Dewey Decimal Classification
Koha item type Hindi Books
Classification part
Call number suffix वन्द्योप
Holdings
Withdrawn status Lost status Damaged status Not for loan Home library Current library Date acquired Source of acquisition Cost, normal purchase price Total Checkouts Total Renewals Full call number Barcode Date last seen Date checked out Copy number Cost, replacement price Price effective from Koha item type
        Central Library Central Library 25/08/2015 Cen Lib /Ret 150.00 2 2 क वन्द्योप A-960271 15/04/2024 06/03/2024 1 150.00 25/08/2015 Hindi Books

© Delhi Public Library
Hit Counter
free hit counter